000 00938nam a22002897a 4500
001 9161
003 FISKH
005 20251126102542.0
008 251126b cb ||||| |||| 00| 0 eng d
020 _a0553097423
040 _aFISKH
_beng
_cFISKH
_dFISKH
050 _aQL49 .S26
082 _a591
100 _aSchecter, Ellen
_eAuthor
245 _aReal life monsters! /
_cby Ellen Schecter ; Illustrated by Donna Braginetz
260 _aNew York :
_bBantam Doubleday Dell Books ,
_c1995
300 _a46 pages :
_bcolor illustrations ;
_c23 cm
505 _aR
520 _aPresents, in brief text and illustrations, a variety of animals, birds, and insects notable for their unusual looks and behavior.
521 8 _a730
_bLexile
521 8 _aR
_bRaz-Plus
650 _aAnimals
_vScarry
650 _aGiant spider
_vGoliath beetle
700 _aBraginetz, Donna
_eIllustrator
942 _2ddc
_cBK
_n0
999 _c9161
_d9161